EVERY KENTUCKY BASKETBALL PLAYER IN CALIPARI ERA - Statistics

General Stats
  • This quiz has been taken 262 times
  • The average score is 49 of 118
Answer Stats
Number Name Position Years Active % Correct
15 Reed Sheppard G 23-24
88%
11 John Wall G 09-10
87%
0 Rob Dillingham G 23-24
87%
23 Anthony Davis F/C 11-12
74%
12 Antonio Reeves G 22-24
73%
21 DJ Wagner G 23-24
73%
0 De’Aaron Fox G 16-17
71%
15 DeMarcus Cousins F/C 09-10
71%
5 Malik Monk G 16-17
71%
34 Oscar Tshiebwe F/C 20-23
71%
1 Justin Edwards G/F 23-24
70%
25 PJ Washington F 17-19
70%
2 Aaron Bradshaw C 23-24
69%
1 Devin Booker G 14-15
67%
3 TyTy Washington G 21-22
67%
12 Karl-Anthony Towns F/C 14-15
66%
5 Ramon Harris G 06-10
66%
14 Tyler Herro G 18-19
66%
3 Adou Thiero G/F 22-24
65%
3 Bam Adebayo F/C 16-17
65%
22 Shia Gilgeous-Alexander G 17-18
65%
3 Tyrese Maxey G 19-20
64%
4 Tre Mitchell F/C 23-24
63%
3 Tyler Ulis G 14-16
63%
3 Keldon Johnson G/F 18-19
62%
30 Julius Randle F 13-14
61%
2 Aaron Harrison G 13-15
60%
5 Andrew Harrison G 13-15
60%
44 Dakari Johnson C 13-15
60%
22 Cason Wallace G 22-23
58%
33 Ugonna Onyenso C 22-24
55%
15 Willie Cauley-Stein F/C 12-15
55%
44 Zvonimir Ivisic F/C 23-24
55%
5 Immanuel Quickley G 18-20
54%
23 Jamal Murray G 15-16
54%
3 Terrance Jones G 10-12
54%
1 Sacha Killeya-Jones F 16-18
53%
14 Brennan Canada F 19-24
51%
4 Nick Richards F 17-20
51%
2 Sahvir Wheeler G 21-23
51%
0 Jacob Toppin F 20-23
48%
5 Kevin Knox G 17-18
48%
41 Trey Lyles F 14-15
48%
0 Ashton Hagans G 18-20
46%
22 Walker Horn G 22-24
46%
24 Chris Livingston F 22-23
45%
20 Joey Hart G 23-24
45%
25 Kareem Watkins G 20-24
45%
5 Terrence Clark G 20-21
45%
13 Grant Darbyshire G 22-24
44%
3 Brandon Boston G 20-21
43%
35 Derek Willis F 13-17
43%
22 Reid Travis F/C 18-19
43%
24 Eric Bledsoe G 09-10
42%
20 Doron Lamb G 10-12
41%
10 Davion Mintz G 20-22
40%
23 Jordan Burks F 23-24
40%
54 Partrick Patterson F 07-10
40%
31 Kellan Grady G 21-22
39%
12 Brandon Knight G/F 10-11
38%
1 CJ Fredrick G 21-23
38%
1 Darius Miller G 08-12
38%
1 James Young G 13-14
38%
12 Keion Brooks F 19-22
38%
55 Lance Ware F 20-23
38%
25 Marquis Teague G 11-12
38%
14 Michael Kidd-Gilchrist F 11-12
38%
22 Alex Poythress F 12-16
37%
23 Isaiah Jackson F 20-21
37%
3 Nerlens Noel C 12-13
37%
12 Brad Calipari G 16-19
36%
25 Dominique Hawkins G 13-17
36%
00 Marcus Lee F 13-16
36%
4 Daimion Collins F 21-23
35%
33 Daniel Orton F 09-10
34%
33 Kyle Wiltjer F 11-13
34%
2 Devin Askew G 20-21
33%
10 Johnny Juzang G 19-20
33%
32 Wenyen Gabriel F 16-18
33%
34 Deandre Liggins G 08-11
32%
11 Dontaie Allen G 19-22
31%
1 Nate Sestina F 19-20
31%
15 Isaac Humphries F/C 15-17
30%
1 Skal Labissiere F/C 15-16
30%
13 Isaiah Briscoe G 15-17
29%
55 Josh Harrellson F/C 08-11
29%
0 Quade Green G 17-19
29%
23 Bryce Hopkins G 21-22
28%
2 Jarred Vanderbilt F 17-18
28%
4 Jon Hood G 09-14
28%
3,5 Jarrod Polson G 10-14
27%
10 Archie Goodwin G 12-13
25%
30 Olivier Sarr C 20-21
25%
23 EJ Montgomery F 18-20
23%
20 Zan Payne G 18-22
23%
30 Eloy Vargas F 10-12
22%
3 Hamidou Diallo G 17-18
22%
10 Jonny David G 15-19
21%
2 Khalil Whitney G 19-20
20%
11 Mychal Mulder G 15-17
19%
33 Ben Jordan F 19-20
18%
13 Riley Welch G 19-21
18%
21 Cam’Ron Fletcher F 20-21
17%
13 Jemarl Baker G 17-19
17%
21 Perry Stevenson F 06-10
17%
14 Tai Wynyard F 16-18
17%
30 Dillon Pulliam G 16-18
13%
12 Ryan Harrow G 12-13
13%
13 Sam Malone G 11-15
13%
24 EJ Floreal G 13-16
12%
34 Julius Mays G 12-13
12%
4 Charles Matthews G 15-16
9%
2 Darnell Dodson G 09-10
8%
32 Brian Long G 11-15
6%
12 Mark Krebs G 07-10
6%
21 Tod Lanter G 12-15
6%
22 Stacey Poole G 10-11
5%
11 Twany Beckham G 11-13
5%
No matching quizzes found
Score Distribution
Percent of People with Each Score
Percentile by Number Answered
Your Score History
You have not taken this quiz